Statistics for General Knowledge Quiz #88

Click here to take the quiz!

General Stats

  • This quiz has been taken 90,752 times
    (56,006 since last reset)
  • The average score is 11 of 20

Answer Stats

QuestionAnswer% Correct
What is the last country in the world, alphabetically?Zimbabwe
91%
What living species is most closely related to humans?Chimpanzees
85%
What Greek word, meaning "I have found it", might you say after making a discovery?Eureka
85%
What river flows through ten different European countries?Danube
73%
What is generally considered to be the world's most expensive spice?Saffron
64%
What is mead made from?Honey
61%
What Olympic event was revolutionized by the "Fosbury Flop"?High Jump
56%
What working-class London accent did Eliza Doolittle have in the play "Pygmalion"?Cockney
55%
What movie series featured a villain named Oddjob?James Bond
51%
What medal, abbreviated VC, is the United Kingdom's highest military decoration?Victoria Cross
51%
What portmanteau is a combination of Belgium, Netherlands, and Luxembourg?Benelux
47%
What are the mashed potato, the alligator, and the watusi?Dances
46%
What region is disputed by India, Pakistan, and China?Kashmir
46%
What was printed on ticker tape?{Stock} Prices
40%
Which country's websites end in .ch?Switzerland
40%
Who was Jacob Marley's business partner?Ebenezer Scrooge
39%
In Greek mythology, who was the titan that created men and gave them fire?Prometheus
39%
What Italian Prime Minister had a scandal involving his "bunga bunga" parties?Silvio Berlusconi
36%
Who was born in Hyde Park, New York in 1882 and died in
Warm Springs, Georgia in 1945?
Franklin D. Roosevelt
30%
What sport does a "duffer" play poorly?Golf
27%

Score Distribution

Percentile by Number Answered

Percent of People with Each Score

Your Score History

You have not taken this quiz since the last reset